书目信息 |
| 题名: |
新社会政策
|
|
| 作者: | 永井亨 著 ;无闷 译 | |
| 分册: | ||
| 出版信息: | 上海 上海社会科学院出版社 2017.04 |
|
| 页数: | 405页 | |
| 开本: | 23cm | |
| 丛书名: | 民国西学要籍汉译文献 | |
| 单 册: | ||
| 中图分类: | C916 | |
| 科图分类: | ||
| 主题词: | 社会政策--she hui zheng ce--研究 | |
| 电子资源: | ||
| ISBN: | 978-7-5520-1793-9 | |
| 000 | 01062nam 2200277 450 | |
| 001 | 2346848287 | |
| 005 | 20231216164612.55 | |
| 010 | @a978-7-5520-1793-9@b精装@d126.00CNY | |
| 100 | @a20170603e2017 em y0chiy50 ea | |
| 101 | 1 | @achi@cjpn |
| 102 | @aCN@b310000 | |
| 105 | @ah z 000yy | |
| 200 | 1 | @a新社会政策@Axin she hui zheng ce@f(日) 永井亨著@g无闷译 |
| 205 | @a影印本 | |
| 210 | @a上海@c上海社会科学院出版社@d2017.04 | |
| 215 | @a405页@c摹真@d23cm | |
| 225 | 2 | @a民国西学要籍汉译文献@Amin guo xi xue yao ji han yi wen xian@i社会学@h第二辑@v6 |
| 300 | @a中国国家图书馆藏 | |
| 330 | @a本书分总论、各论两编, 总论有社会思想之变迁及系统, 经济及政治组织之形态, 社会政策之学说及理论3章。各论有劳动问题与社会问题, 产业问题与失业问题, 劳动立法与社会行政, 劳动运动与产业争议等6章。 | |
| 410 | 0 | @12001 @a民国西学要籍汉译文献@i社会学@h第二辑@v6 |
| 606 | 0 | @a社会政策@Ashe hui zheng ce@x研究 |
| 690 | @aC916@v5 | |
| 701 | 0 | @a永井亨@Ayong jing heng@4著 |
| 702 | 0 | @a无闷@Awu men@4译 |
| 801 | 0 | @aCN@b湖北三新@c20170603 |
| 905 | @aBZT@dC916@e16=2 | |
| 新社会政策/(日) 永井亨著/无闷译.-影印本.-上海:上海社会科学院出版社,2017.04 |
| 405页:摹真;23cm.-(民国西学要籍汉译文献.社会学.第二辑;6) |
| 中国国家图书馆藏 |
| ISBN 978-7-5520-1793-9(精装):126.00CNY |
| 本书分总论、各论两编, 总论有社会思想之变迁及系统, 经济及政治组织之形态, 社会政策之学说及理论3章。各论有劳动问题与社会问题, 产业问题与失业问题, 劳动立法与社会行政, 劳动运动与产业争议等6章。 |
| ● |
| 相关链接 |
|
|
|
正题名:新社会政策
索取号:C916/16=2
 
预约/预借
| 序号 | 登录号 | 条形码 | 馆藏地/架位号 | 状态 | 备注 |
| 1 | 2001577470 | 2001577470 | 辽三/辽宁北配(第三批)/1721/ [索取号:C916/16=2] | 在馆 | |
| 2 | 2001577471 | 2001577471 | 辽三/辽宁北配(第三批)/1721/ [索取号:C916/16=2] | 在馆 | |
| 3 | 2001577472 | 2001577472 | 辽三/辽宁北配(第三批)/1721/ [索取号:C916/16=2] | 在馆 | |
| 4 | 2001577473 | 2001577473 | 辽三/辽宁北配(第三批)/1721/ [索取号:C916/16=2] | 在馆 | |
| 5 | 2001577474 | 2001577474 | 辽三/辽宁北配(第三批)/1721/ [索取号:C916/16=2] | 在馆 | |
| 6 | 2001577475 | 2001577475 | 辽三/辽宁北配(第三批)/1721/ [索取号:C916/16=2] | 在馆 | |
| 7 | 2001577476 | 2001577476 | 辽三/辽宁北配(第三批)/1721/ [索取号:C916/16=2] | 在馆 | |
| 8 | 2001577477 | 2001577477 | 辽三/辽宁北配(第三批)/1721/ [索取号:C916/16=2] | 在馆 | |
| 9 | 2001577478 | 2001577478 | 辽三/辽宁北配(第三批)/1721/ [索取号:C916/16=2] | 在馆 | |
| 10 | 2001577479 | 2001577479 | 辽三/辽宁北配(第三批)/1721/ [索取号:C916/16=2] | 在馆 |